000 00647nam a22001937a 4500
999 _c190963
_d190963
005 20220816144950.0
010 _aB-745313
020 _a8188594344
_c595.00
035 _aB-745313
037 _bMagpiee Publishers and Distributores
100 _aM.K., Singh
245 _aMake In India/
_cM.K. Singh
250 _a1st
260 _aDelhi
_bMagpiee Publishers and Distributores
_c2021
270 _aM-72,Punchsheel Garden, Naveen Shahdara
_bDelhi
_e110032
300 _a238p.
_c22cm(hbk)
942 _2ddc
_cEN
_mMKS
_h338.954